| 000 -LEADER |
| fixed length control field |
01515cam a2200373 i 4500 |
| 001 - CONTROL NUMBER |
| control field |
18917202 |
| 005 - DATE AND TIME OF LATEST TRANSACTION |
| control field |
20221230190539.0 |
| 008 - FIXED-LENGTH DATA ELEMENTS--GENERAL INFORMATION |
| fixed length control field |
151218s2015 gw a b 000 0 eng |
| 010 ## - LIBRARY OF CONGRESS CONTROL NUMBER |
| LC control number |
2015493160 |
| 020 ## - INTERNATIONAL STANDARD BOOK NUMBER |
| International Standard Book Number |
9783887784447 (pbk.) |
| 035 ## - SYSTEM CONTROL NUMBER |
| System control number |
(GyWOH)har150412811 |
| 040 ## - CATALOGING SOURCE |
| Original cataloging agency |
DLC |
| Language of cataloging |
eng |
| Description conventions |
rda |
| Transcribing agency |
DLC |
| Modifying agency |
DLC |
| 042 ## - AUTHENTICATION CODE |
| Authentication code |
pcc |
| 050 00 - LIBRARY OF CONGRESS CALL NUMBER |
| Classification number |
HV554.5 |
| Item number |
.D48 2015 |
| 245 00 - TITLE STATEMENT |
| Title |
Design research on temporary homes : |
| Remainder of title |
hospitable places for homeless, immigrants and refugees / |
| Statement of responsibility, etc. |
Elena Enrica Giunta, Agnese Rebaglio. |
| 246 30 - VARYING FORM OF TITLE |
| Title proper/short title |
Hospitable places for homeless, immigrants and refugees |
| 250 ## - EDITION STATEMENT |
| Edition statement |
1. print run. |
| 264 #1 - PRODUCTION, PUBLICATION, DISTRIBUTION, MANUFACTURE, AND COPYRIGHT NOTICE |
| Place of production, publication, distribution, manufacture |
Baunach : |
| Name of producer, publisher, distributor, manufacturer |
Spurbuchverlag, |
| Date of production, publication, distribution, manufacture, or copyright notice |
[2015] |
| 300 ## - PHYSICAL DESCRIPTION |
| Extent |
140 pages : |
| Other physical details |
many illustrations ; |
| Dimensions |
24 cm. |
| 336 ## - CONTENT TYPE |
| Content type term |
text |
| Source |
rdacontent |
| 337 ## - MEDIA TYPE |
| Media type term |
unmediated |
| Source |
rdamedia |
| 338 ## - CARRIER TYPE |
| Carrier type term |
volume |
| Source |
rdacarrier |
| 490 0# - SERIES STATEMENT |
| Series statement |
Art, architecture, design, research |
| 504 ## - BIBLIOGRAPHY, ETC. NOTE |
| Bibliography, etc. note |
Includes bibliographical references (pages 133-139). |
| 650 #0 - SUBJECT ADDED ENTRY--TOPICAL TERM |
| Topical term or geographic name entry element |
Emergency housing |
| General subdivision |
Design and construction. |
| 650 #0 - SUBJECT ADDED ENTRY--TOPICAL TERM |
| Topical term or geographic name entry element |
Refugees |
| General subdivision |
Housing. |
| 650 #0 - SUBJECT ADDED ENTRY--TOPICAL TERM |
| Topical term or geographic name entry element |
Architecture and society |
| Chronological subdivision |
21st century. |
| 700 1# - ADDED ENTRY--PERSONAL NAME |
| Personal name |
Giunta, Elena Enrica, |
| Relator term |
editor. |
| 700 1# - ADDED ENTRY--PERSONAL NAME |
| Personal name |
Rebaglio, Agnese, |
| Relator term |
editor. |
| 906 ## - LOCAL DATA ELEMENT F, LDF (RLIN) |
| a |
7 |
| b |
cbc |
| c |
origres |
| d |
2 |
| e |
ncip |
| f |
20 |
| g |
y-gencatlg |
| 925 0# - |
| -- |
acquire |
| -- |
1 shelf copy |
| -- |
policy default |
| 923 ## - |
| -- |
20151222 |
| -- |
0393244 |
| -- |
GyWOH |